000 00375nam a2200157Ia 4500
008 230711s9999||||xx |||||||||||||| ||und||
041 _aENG
082 _a720
_bGI-S
100 _aGiedion,S
245 0 _aSpace ,time and Architecture
250 _a1st . Ed.
260 _c1982
_aCambridge
_bHarvard University Press
300 _a897
650 _aArchitecture
942 _cBK
999 _c4179
_d4179